12 mois en 15 secondes - Statistiques

Statistiques générales
  • Ce quiz a été pris 2 707 fois
  • Le résultat moyen est 8 sur 12
Statistiques - réponses
Mois % Correct
Janvier
95%
Mars
88%
Avril
85%
Février
85%
Mai
84%
Juin
82%
Juillet
74%
Août
68%
Septembre
53%
Octobre
39%
Novembre
26%
Décembre
19%
Aucun quiz correspondant
Distribution des résultats
% des personnes avec chaque résultat
Percentile par nombre de réponses
Votre historique - résultats
Vous n’avez pas pris ce quiz